|
|
|
|
| LEADER |
00000nam0a2200000 4500 |
| 001 |
42198 |
| 005 |
20260226174925.0 |
| 010 |
|
|
|a 5867651320
|
| 035 |
|
|
|a (RuTPU)RU\TPU\book\43448
|
| 090 |
|
|
|a 42198
|
| 100 |
|
|
|a 20020827d2000 m y0rusy50 ca
|
| 101 |
0 |
|
|a rus
|
| 102 |
|
|
|a RU
|
| 105 |
|
|
|a a z 000zd
|
| 200 |
1 |
|
|a Правители России
|e Династия Рюриковичей. Междинастие. Смутное время. Династия Романовых
|f А. И. Кулюгин
|
| 205 |
|
|
|a 2-е изд., перераб. и доп.
|
| 210 |
|
|
|a Чебоксары
|c Чувашия
|d 2000
|
| 215 |
|
|
|a 472 с.
|c ил.
|
| 602 |
|
|
|a Романовы
|f 1613-1917
|c боярский род, царская фамилия с 1613, императорская фамилия с 1721 по 1917
|9 200
|
| 606 |
|
|
|7 ca
|8 rus
|a Деятели политические и государственные
|x Персоналии
|y Россия
|9 88915
|
| 610 |
1 |
|
|a история
|
| 610 |
1 |
|
|a Россия
|
| 610 |
1 |
|
|a династии
|
| 610 |
1 |
|
|a цари
|
| 610 |
1 |
|
|a императоры
|
| 686 |
|
|
|a Т3(2)-3
|2 rubbk
|
| 700 |
|
1 |
|a Кулюгин
|b А. И.
|g Александр Иванович
|
| 801 |
|
1 |
|a RU
|b 63413507
|c 20020827
|g PSBO
|
| 801 |
|
2 |
|a RU
|b 63413507
|c 20120830
|g PSBO
|
| 850 |
|
|
|a 63413507
|
| 942 |
|
|
|c BK
|